Statistics for British Soccer Club Nicknames

Click here to take the quiz!

General Stats

  • This quiz has been taken 7,991 times
  • The average score is 13 of 27

Answer Stats

HintAnswer% Correct
ArsenalGunners
95%
Manchester UnitedRed Devils
95%
West Ham UnitedHammers
87%
ChelseaBlues
79%
Swansea CitySwans
77%
Leicester CityFoxes
71%
Newcastle UnitedMagpies
64%
Derby CountyRams
63%
Hull CityTigers
61%
Norwich CityCanaries
57%
Crystal PalaceEagles
55%
Brighton & Hove AlbionSeagulls
54%
Sheffield UnitedBlades
52%
Sheffield WednesdayOwls
51%
Cardiff CityBluebirds
41%
Ipswich TownTractor Boys
34%
Leeds UnitedWhites
34%
Scunthorpe UnitedThe Iron
31%
Leyton OrientThe O's
25%
Hamilton AcademicalAccies
21%
Bradford CityBantams
20%
Northampton TownCobblers
20%
CelticBhoys
19%
KilmarnockKillie
19%
Bristol RoversPirates
17%
Southend UnitedShrimpers
16%
Rotherham UnitedMillers
15%

Score Distribution

Percentile by Number Answered

Percent of People with Each Score

Your Score History

You have not taken this quiz